[Event "Deutsche Ländermeisterschaft 2023"]
[Site "Hannover GER"]
[Date "2023.10.05"]
[Round "7"]
[White "Herrmann, Arthur"]
[Black "Heinisch, Niklas"]
[Result "0-1"]
[Termination "normal"]
[Board "2.5"]
[WhiteElo "1930"]
[BlackElo "1919"]
[WhiteClock "00:06:10"]
[BlackClock "00:02:05"]
[WhiteTeam "Sachsen"]
[BlackTeam "Bayern"]
[PlyCount "120"]
[WhiteFideId "16287150"]
[BlackFideId "16295080"]
[EventCountry "GER"]
[EventRounds "7"]
[EventType "team-swiss"]
[EventDate "2023.09.30"]

1. e4 {[%clk 01:30:57]} {[%emt 00:00:02]} c6 {[%clk 01:30:53]} {[%emt
00:00:08]} 2. d4 {[%clk 01:31:23]} {[%emt 00:00:04]} d5 {[%clk 01:31:16]}
{[%emt 00:00:06]} 3. exd5 {[%clk 01:31:43]} {[%emt 00:00:10]} cxd5 {[%clk
01:31:33]} {[%emt 00:00:13]} 4. Bd3 {[%clk 01:32:07]} {[%emt 00:00:06]} Nf6
{[%clk 01:31:46]} {[%emt 00:00:17]} 5. h3 {[%clk 01:32:15]} {[%emt 00:00:22]}
Nc6 {[%clk 01:31:50]} {[%emt 00:00:26]} 6. c3 {[%clk 01:32:33]} {[%emt
00:00:12]} Qc7 {[%clk 01:32:03]} {[%emt 00:00:16]} 7. Nf3 {[%clk 01:31:26]}
{[%emt 00:01:38]} g6 {[%clk 01:31:44]} {[%emt 00:00:49]} 8. Be3 {[%clk
01:29:41]} {[%emt 00:02:15]} Bf5 {[%clk 01:30:29]} {[%emt 00:01:45]} 9. Be2
{[%clk 01:28:12]} {[%emt 00:01:59]} Bg7 {[%clk 01:30:21]} {[%emt 00:00:38]} 10.
O-O {[%clk 01:27:44]} {[%emt 00:00:58]} O-O {[%clk 01:30:09]} {[%emt 00:00:41]}
11. Qc1 {[%clk 01:22:13]} {[%emt 00:06:02]} Ne4 {[%clk 01:23:00]} {[%emt
00:07:40]} 12. Bf4 {[%clk 01:17:58]} {[%emt 00:04:45]} Qb6 {[%clk 00:59:55]}
{[%emt 00:23:34]} 13. Nbd2 {[%clk 01:10:04]} {[%emt 00:08:25]} Rac8 {[%clk
00:58:17]} {[%emt 00:02:05]} 14. g4 {[%clk 01:02:58]} {[%emt 00:07:39]} Be6
{[%clk 00:50:01]} {[%emt 00:08:46]} 15. Qb1 {[%clk 01:00:14]} {[%emt 00:03:14]}
Nxd2 {[%clk 00:38:59]} {[%emt 00:11:32]} 16. Nxd2 {[%clk 00:58:52]} {[%emt
00:01:52]} f6 {[%clk 00:24:49]} {[%emt 00:14:40]} 17. Nf3 {[%clk 00:42:24]}
{[%emt 00:16:58]} Bf7 {[%clk 00:24:29]} {[%emt 00:00:49]} 18. Bg3 {[%clk
00:38:46]} {[%emt 00:04:08]} e5 {[%clk 00:23:03]} {[%emt 00:01:56]} 19. Rd1
{[%clk 00:36:37]} {[%emt 00:02:38]} e4 {[%clk 00:21:09]} {[%emt 00:02:25]} 20.
Ne1 {[%clk 00:35:23]} {[%emt 00:01:44]} f5 {[%clk 00:19:45]} {[%emt 00:01:55]}
21. Ng2 {[%clk 00:32:52]} {[%emt 00:03:00]} Ne7 {[%clk 00:08:22]} {[%emt
00:11:51]} 22. Qc1 {[%clk 00:28:27]} {[%emt 00:04:57]} Be6 {[%clk 00:07:44]}
{[%emt 00:01:07]} 23. Qd2 {[%clk 00:26:04]} {[%emt 00:02:55]} Qc6 {[%clk
00:06:25]} {[%emt 00:01:47]} 24. Nf4 {[%clk 00:21:52]} {[%emt 00:04:44]} fxg4
{[%clk 00:06:12]} {[%emt 00:00:44]} 25. Nxe6 {[%clk 00:20:35]} {[%emt
00:01:46]} Qxe6 {[%clk 00:06:40]} {[%emt 00:00:02]} 26. hxg4 {[%clk 00:20:27]}
{[%emt 00:00:38]} h6 {[%clk 00:04:31]} {[%emt 00:02:40]} 27. Kg2 {[%clk
00:19:34]} {[%emt 00:01:22]} g5 {[%clk 00:04:48]} {[%emt 00:00:14]} 28. Rh1
{[%clk 00:11:09]} {[%emt 00:08:55]} Ng6 {[%clk 00:05:00]} {[%emt 00:00:18]} 29.
Bd1 {[%clk 00:08:48]} {[%emt 00:02:50]} Nf4+ {[%clk 00:04:16]} {[%emt
00:01:15]} 30. Kg1 {[%clk 00:08:23]} {[%emt 00:00:54]} Rce8 {[%clk 00:03:53]}
{[%emt 00:00:54]} 31. Qe3 {[%clk 00:08:14]} {[%emt 00:00:38]} Qa6 {[%clk
00:02:48]} {[%emt 00:01:35]} 32. a4 {[%clk 00:06:52]} {[%emt 00:01:53]} Rf6
{[%clk 00:01:34]} {[%emt 00:01:45]} 33. a5 {[%clk 00:06:08]} {[%emt 00:01:13]}
Ref8 {[%clk 00:01:45]} {[%emt 00:00:19]} 34. Rh2 {[%clk 00:05:15]} {[%emt
00:01:20]} Qe6 {[%clk 00:01:34]} {[%emt 00:00:43]} 35. Rb1 {[%clk 00:04:01]}
{[%emt 00:01:43]} Qa6 {[%clk 00:01:11]} {[%emt 00:00:55]} 36. Ra1 {[%clk
00:04:16]} {[%emt 00:00:14]} b5 {[%clk 00:01:02]} {[%emt 00:00:40]} 37. Bb3
{[%clk 00:03:20]} {[%emt 00:01:26]} Qe6 {[%clk 00:01:15]} {[%emt 00:00:17]} 38.
Bd1 {[%clk 00:03:41]} {[%emt 00:00:08]} a6 {[%clk 00:01:30]} {[%emt 00:00:15]}
39. Ra3 {[%clk 00:03:11]} {[%emt 00:00:59]} Qc8 {[%clk 00:01:26]} {[%emt
00:00:32]} 40. Ra1 {[%clk 00:02:22]} {[%emt 00:01:21]} Qd7 {[%clk 00:00:41]}
{[%emt 00:01:17]} 41. Ra3 {[%clk 00:00:55]} {[%emt 00:01:57]} R8f7 {[%clk
00:28:26]} {[%emt 00:02:45]} 42. Ra1 {[%clk 00:30:29]} {[%emt 00:00:56]} Bf8
{[%clk 00:26:20]} {[%emt 00:02:36]} 43. Rc1 {[%clk 00:27:03]} {[%emt 00:03:55]}
Bd6 {[%clk 00:19:17]} {[%emt 00:07:34]} 44. Rc2 {[%clk 00:23:56]} {[%emt
00:03:36]} Kg7 {[%clk 00:19:40]} {[%emt 00:00:07]} 45. Rc1 {[%clk 00:22:20]}
{[%emt 00:02:05]} Bc7 {[%clk 00:15:10]} {[%emt 00:05:02]} 46. b4 {[%clk
00:21:36]} {[%emt 00:01:13]} Ng6 {[%clk 00:03:33]} {[%emt 00:12:07]} 47. Bxc7
{[%clk 00:19:56]} {[%emt 00:02:11]} Qxc7 {[%clk 00:04:02]} {[%emt 00:00:01]}
48. Rc2 {[%clk 00:18:47]} {[%emt 00:01:39]} Nh4 {[%clk 00:03:58]} {[%emt
00:00:33]} 49. Rh3 {[%clk 00:18:35]} {[%emt 00:00:43]} Nf3+ {[%clk 00:03:55]}
{[%emt 00:00:34]} 50. Kf1 {[%clk 00:12:15]} {[%emt 00:06:49]} Qd7 {[%clk
00:02:56]} {[%emt 00:01:29]} 51. Rg3 {[%clk 00:09:25]} {[%emt 00:03:20]} Rf4
{[%clk 00:03:17]} {[%emt 00:00:08]} 52. Bxf3 {[%clk 00:07:56]} {[%emt
00:02:00]} Rxf3 {[%clk 00:03:41]} {[%emt 00:00:06]} 53. Rxf3 {[%clk 00:08:21]}
{[%emt 00:00:05]} Rxf3 {[%clk 00:04:05]} {[%emt 00:00:06]} 54. Qe2 {[%clk
00:08:30]} {[%emt 00:00:21]} Qxg4 {[%clk 00:04:06]} {[%emt 00:00:29]} 55. Rc1
{[%clk 00:06:36]} {[%emt 00:02:23]} Qh3+ {[%clk 00:03:18]} {[%emt 00:01:20]}
56. Ke1 {[%clk 00:06:51]} {[%emt 00:00:14]} Rxc3 {[%clk 00:01:40]} {[%emt
00:02:07]} 57. Rd1 {[%clk 00:05:54]} {[%emt 00:01:27]} Qh1+ {[%clk 00:01:40]}
{[%emt 00:00:28]} 58. Qf1 {[%clk 00:06:20]} {[%emt 00:00:07]} Rh3 {[%clk
00:01:34]} {[%emt 00:00:36]} 59. Kd2 {[%clk 00:05:43]} {[%emt 00:01:06]} Rd3+
{[%clk 00:01:45]} {[%emt 00:00:20]} 60. Qxd3 {[%clk 00:06:10]} {[%emt
00:00:04]} Qxd1+ {[%clk 00:02:05]} {[%emt 00:00:10]} 0-1

[Event "Deutsche Ländermeisterschaft 2023"]
[Site "Hannover GER"]
[Date "2023.10.05"]
[Round "7"]
[White "Navarro Jahnke, Leo"]
[Black "Glowiak, Alexandra"]
[Result "1-0"]
[Termination "normal"]
[Board "2.6"]
[WhiteElo "1884"]
[BlackElo "1683"]
[WhiteClock "00:16:49"]
[BlackClock "00:02:42"]
[WhiteTeam "Bayern"]
[BlackTeam "Sachsen"]
[PlyCount "74"]
[WhiteFideId "16234146"]
[BlackFideId "16259530"]
[EventCountry "GER"]
[EventRounds "7"]
[EventType "team-swiss"]
[EventDate "2023.09.30"]

1. d4 {[%clk 01:30:53]} {[%emt 00:00:06]} d5 {[%clk 01:30:56]} {[%emt
00:00:05]} 2. Bf4 {[%clk 01:31:11]} {[%emt 00:00:11]} Nf6 {[%clk 01:30:49]}
{[%emt 00:00:38]} 3. c3 {[%clk 01:31:06]} {[%emt 00:00:34]} e6 {[%clk
01:30:47]} {[%emt 00:00:33]} 4. Nf3 {[%clk 01:29:29]} {[%emt 00:02:06]} Be7
{[%clk 01:30:39]} {[%emt 00:00:39]} 5. h3 {[%clk 01:29:35]} {[%emt 00:00:23]}
O-O {[%clk 01:28:02]} {[%emt 00:03:07]} 6. e3 {[%clk 01:28:53]} {[%emt
00:01:11]} Nbd7 {[%clk 01:26:07]} {[%emt 00:02:26]} 7. Bd3 {[%clk 01:28:47]}
{[%emt 00:00:34]} Re8 {[%clk 01:23:40]} {[%emt 00:02:58]} 8. Nbd2 {[%clk
01:27:51]} {[%emt 00:01:25]} Nf8 {[%clk 01:18:51]} {[%emt 00:05:20]} 9. O-O
{[%clk 01:25:15]} {[%emt 00:03:05]} c5 {[%clk 01:12:45]} {[%emt 00:06:37]} 10.
Re1 {[%clk 01:18:00]} {[%emt 00:07:45]} Ng6 {[%clk 00:55:20]} {[%emt 00:17:56]}
11. Bh2 {[%clk 01:15:16]} {[%emt 00:03:12]} b6 {[%clk 00:53:04]} {[%emt
00:02:47]} 12. Ne5 {[%clk 01:10:20]} {[%emt 00:05:25]} Nxe5 {[%clk 00:47:42]}
{[%emt 00:05:52]} 13. dxe5 {[%clk 01:10:07]} {[%emt 00:00:44]} Nd7 {[%clk
00:47:46]} {[%emt 00:00:26]} 14. e4 {[%clk 01:07:45]} {[%emt 00:02:51]} Bb7
{[%clk 00:40:11]} {[%emt 00:08:05]} 15. exd5 {[%clk 01:06:09]} {[%emt
00:02:06]} exd5 {[%clk 00:36:08]} {[%emt 00:04:33]} 16. Qg4 {[%clk 00:54:21]}
{[%emt 00:12:16]} c4 {[%clk 00:27:13]} {[%emt 00:09:26]} 17. Bc2 {[%clk
00:38:38]} {[%emt 00:16:13]} Bc5 {[%clk 00:25:07]} {[%emt 00:02:37]} 18. Rad1
{[%clk 00:37:25]} {[%emt 00:01:41]} Bc8 {[%clk 00:15:31]} {[%emt 00:10:07]} 19.
Qf3 {[%clk 00:33:22]} {[%emt 00:04:33]} Nf8 {[%clk 00:11:05]} {[%emt 00:04:57]}
20. Nxc4 {[%clk 00:31:26]} {[%emt 00:02:25]} Be6 {[%clk 00:11:16]} {[%emt
00:00:20]} 21. Ba4 {[%clk 00:31:37]} {[%emt 00:00:19]} Nd7 {[%clk 00:10:28]}
{[%emt 00:01:18]} 22. Ne3 {[%clk 00:29:18]} {[%emt 00:02:48]} Bxe3 {[%clk
00:10:15]} {[%emt 00:00:43]} 23. Qxe3 {[%clk 00:28:58]} {[%emt 00:00:50]} Rc8
{[%clk 00:09:39]} {[%emt 00:01:06]} 24. f4 {[%clk 00:27:39]} {[%emt 00:01:48]}
f5 {[%clk 00:06:41]} {[%emt 00:03:29]} 25. exf6 {[%clk 00:25:00]} {[%emt
00:03:09]} Qxf6 {[%clk 00:06:29]} {[%emt 00:00:42]} 26. Qf3 {[%clk 00:24:52]}
{[%emt 00:00:37]} Re7 {[%clk 00:06:03]} {[%emt 00:00:57]} 27. Bb3 {[%clk
00:18:58]} {[%emt 00:06:24]} Rc5 {[%clk 00:03:05]} {[%emt 00:03:28]} 28. Kh1
{[%clk 00:17:03]} {[%emt 00:02:24]} h6 {[%clk 00:02:15]} {[%emt 00:01:19]} 29.
Bg1 {[%clk 00:17:17]} {[%emt 00:00:16]} Rc7 {[%clk 00:02:22]} {[%emt 00:00:23]}
30. Rxe6 {[%clk 00:17:02]} {[%emt 00:00:46]} Rxe6 {[%clk 00:02:37]} {[%emt
00:00:16]} 31. Bxd5 {[%clk 00:17:30]} {[%emt 00:00:01]} Kf8 {[%clk 00:02:36]}
{[%emt 00:00:31]} 32. Bd4 {[%clk 00:16:58]} {[%emt 00:01:03]} Qe7 {[%clk
00:02:51]} {[%emt 00:00:15]} 33. Bxe6 {[%clk 00:16:08]} {[%emt 00:01:19]} Qxe6
{[%clk 00:03:20]} {[%emt 00:00:02]} 34. f5 {[%clk 00:16:28]} {[%emt 00:00:09]}
Qf7 {[%clk 00:02:13]} {[%emt 00:01:37]} 35. Qa8+ {[%clk 00:16:02]} {[%emt
00:00:56]} Ke7 {[%clk 00:02:26]} {[%emt 00:00:17]} 36. Re1+ {[%clk 00:16:21]}
{[%emt 00:00:10]} Kd6 {[%clk 00:02:42]} {[%emt 00:00:14]} 37. Re6+ {[%clk
00:16:49]} {[%emt 00:00:03]} Kd5 {[%emt 00:00:21]} 1-0

[Event "Deutsche Ländermeisterschaft 2023"]
[Site "Hannover GER"]
[Date "2023.10.05"]
[Round "7"]
[White "Nguyen, Jenny Ha-Linh"]
[Black "Prinzen, Siri Marleen"]
[Result "1/2-1/2"]
[Termination "normal"]
[Board "2.7"]
[WhiteElo "1591"]
[BlackElo "1689"]
[WhiteClock "00:19:44"]
[BlackClock "00:22:02"]
[WhiteTeam "Sachsen"]
[BlackTeam "Bayern"]
[PlyCount "92"]
[WhiteFideId "16209729"]
[BlackFideId "16265912"]
[EventCountry "GER"]
[EventRounds "7"]
[EventType "team-swiss"]
[EventDate "2023.09.30"]

1. e4 {[%clk 01:30:59]} c6 {[%clk 01:30:54]} {[%emt 00:00:06]} 2. d4 {[%clk
01:31:20]} {[%emt 00:00:09]} d5 {[%clk 01:31:19]} {[%emt 00:00:05]} 3. exd5
{[%clk 01:31:35]} {[%emt 00:00:15]} cxd5 {[%clk 01:31:43]} {[%emt 00:00:06]} 4.
c4 {[%clk 01:31:58]} {[%emt 00:00:07]} Nf6 {[%clk 01:31:42]} {[%emt 00:00:30]}
5. Nc3 {[%clk 01:31:49]} {[%emt 00:00:40]} Nc6 {[%clk 01:31:23]} {[%emt
00:00:49]} 6. Nf3 {[%clk 01:24:24]} {[%emt 00:07:55]} Bg4 {[%clk 01:29:57]}
{[%emt 00:01:55]} 7. Be2 {[%clk 01:22:37]} {[%emt 00:02:18]} e6 {[%clk
01:25:49]} {[%emt 00:04:37]} 8. Be3 {[%clk 01:15:00]} {[%emt 00:08:08]} Be7
{[%clk 01:17:15]} {[%emt 00:09:04]} 9. O-O {[%clk 01:09:02]} {[%emt 00:06:29]}
O-O {[%clk 01:13:58]} {[%emt 00:03:46]} 10. h3 {[%clk 00:56:25]} {[%emt
00:13:07]} Bh5 {[%clk 00:58:36]} {[%emt 00:15:52]} 11. a3 {[%clk 00:53:23]}
{[%emt 00:03:32]} Rc8 {[%clk 00:55:46]} {[%emt 00:03:19]} 12. cxd5 {[%clk
00:51:34]} {[%emt 00:02:20]} Nxd5 {[%clk 00:53:32]} {[%emt 00:02:44]} 13. Nxd5
{[%clk 00:45:33]} {[%emt 00:06:31]} Qxd5 {[%clk 00:52:35]} {[%emt 00:01:26]}
14. Qd2 {[%clk 00:45:19]} {[%emt 00:00:44]} Rfd8 {[%clk 00:49:15]} {[%emt
00:03:51]} 15. Rfd1 {[%clk 00:44:59]} {[%emt 00:00:51]} Bf6 {[%clk 00:48:06]}
{[%emt 00:01:39]} 16. Rac1 {[%clk 00:43:56]} {[%emt 00:01:34]} Ne7 {[%clk
00:42:46]} {[%emt 00:05:49]} 17. Qb4 {[%clk 00:39:01]} {[%emt 00:05:26]} b6
{[%clk 00:33:11]} {[%emt 00:10:05]} 18. a4 {[%clk 00:32:37]} {[%emt 00:06:55]}
Bxf3 {[%clk 00:26:54]} {[%emt 00:06:46]} 19. Bxf3 {[%clk 00:32:56]} {[%emt
00:00:11]} Qd7 {[%clk 00:27:13]} {[%emt 00:00:11]} 20. Rxc8 {[%clk 00:29:00]}
{[%emt 00:04:26]} Rxc8 {[%clk 00:26:19]} {[%emt 00:01:24]} 21. Qb3 {[%clk
00:28:23]} {[%emt 00:01:08]} Nd5 {[%clk 00:24:00]} {[%emt 00:02:48]} 22. Bxd5
{[%clk 00:27:25]} {[%emt 00:01:29]} Qxd5 {[%clk 00:24:03]} {[%emt 00:00:26]}
23. Qxd5 {[%clk 00:27:07]} {[%emt 00:00:48]} exd5 {[%clk 00:24:28]} {[%emt
00:00:05]} 24. Rd3 {[%clk 00:25:05]} {[%emt 00:02:33]} h6 {[%clk 00:22:09]}
{[%emt 00:02:49]} 25. b3 {[%clk 00:23:05]} {[%emt 00:02:30]} Kh7 {[%clk
00:15:09]} {[%emt 00:07:29]} 26. g3 {[%clk 00:21:21]} {[%emt 00:02:15]} Kg6
{[%clk 00:12:59]} {[%emt 00:02:40]} 27. Kg2 {[%clk 00:21:01]} {[%emt 00:00:51]}
b5 {[%clk 00:12:16]} {[%emt 00:01:13]} 28. axb5 {[%clk 00:20:33]} {[%emt
00:00:58]} Rb8 {[%clk 00:12:36]} {[%emt 00:00:09]} 29. Kf3 {[%clk 00:14:11]}
{[%emt 00:06:52]} Rxb5 {[%clk 00:12:26]} {[%emt 00:00:40]} 30. Ke2 {[%clk
00:14:02]} {[%emt 00:00:40]} Rb6 {[%clk 00:11:56]} {[%emt 00:01:30]} 31. Rc3
{[%clk 00:11:08]} {[%emt 00:03:55]} Rb4 {[%clk 00:07:42]} {[%emt 00:04:44]} 32.
Rd3 {[%clk 00:11:22]} {[%emt 00:00:17]} Kf5 {[%clk 00:06:58]} {[%emt 00:01:13]}
33. g4+ {[%clk 00:09:36]} {[%emt 00:02:16]} Ke6 {[%clk 00:06:19]} {[%emt
00:01:08]} 34. Kd2 {[%clk 00:06:15]} {[%emt 00:03:51]} Kd7 {[%clk 00:06:01]}
{[%emt 00:00:48]} 35. Kc3 {[%clk 00:04:44]} {[%emt 00:02:01]} Rb6 {[%clk
00:05:59]} {[%emt 00:00:32]} 36. Kd2 {[%clk 00:04:58]} {[%emt 00:00:17]} Ra6
{[%clk 00:03:55]} {[%emt 00:02:33]} 37. Rc3 {[%clk 00:04:27]} {[%emt 00:01:02]}
Be7 {[%clk 00:03:11]} {[%emt 00:01:13]} 38. Rc1 {[%clk 00:01:29]} {[%emt
00:03:29]} Rb6 {[%clk 00:02:34]} {[%emt 00:01:06]} 39. Ra1 {[%clk 00:00:52]}
{[%emt 00:01:08]} a6 {[%clk 00:02:02]} {[%emt 00:01:01]} 40. Kc2 {[%clk
00:00:37]} {[%emt 00:00:46]} Rc6+ {[%clk 00:01:48]} {[%emt 00:00:44]} 41. Kd3
{[%clk 00:30:28]} {[%emt 00:00:38]} Bb4 {[%clk 00:31:27]} {[%emt 00:00:50]} 42.
Bd2 {[%clk 00:28:24]} {[%emt 00:02:36]} Be7 {[%clk 00:28:52]} {[%emt 00:03:03]}
43. Be3 {[%clk 00:24:58]} {[%emt 00:03:58]} Rb6 {[%clk 00:25:07]} {[%emt
00:04:14]} 44. Kc2 {[%clk 00:23:57]} {[%emt 00:01:31]} Kc6 {[%clk 00:24:55]}
{[%emt 00:00:41]} 45. Ra4 {[%clk 00:21:45]} {[%emt 00:02:43]} Kb7 {[%clk
00:23:51]} {[%emt 00:01:33]} 46. Bd2 {[%clk 00:19:44]} {[%emt 00:02:32]} Rc6+
{[%clk 00:22:02]} {[%emt 00:02:17]} 1/2-1/2

[Event "Deutsche Ländermeisterschaft 2023"]
[Site "Hannover GER"]
[Date "2023.10.05"]
[Round "7"]
[White "Farokhi, Keyvan"]
[Black "Pubantz, Jan"]
[Result "1/2-1/2"]
[Termination "normal"]
[Board "3.1"]
[WhiteTitle "FM"]
[WhiteElo "2266"]
[BlackElo "2299"]
[WhiteClock "00:29:51"]
[BlackClock "00:01:41"]
[WhiteTeam "Schleswig-Holstein"]
[BlackTeam "Niedersachsen"]
[PlyCount "99"]
[WhiteFideId "12998630"]
[BlackFideId "12996114"]
[EventCountry "GER"]
[EventRounds "7"]
[EventType "team-swiss"]
[EventDate "2023.09.30"]

1. e4 {[%clk 01:30:54]} {[%emt 00:00:05]} c6 {[%clk 01:30:54]} {[%emt
00:00:08]} 2. Nf3 {[%clk 01:31:18]} {[%emt 00:00:05]} d5 {[%clk 01:31:21]}
{[%emt 00:00:03]} 3. Nc3 {[%clk 01:31:42]} {[%emt 00:00:05]} dxe4 {[%clk
01:31:48]} {[%emt 00:00:04]} 4. Nxe4 {[%clk 01:32:07]} {[%emt 00:00:05]} Nf6
{[%clk 01:32:15]} {[%emt 00:00:03]} 5. Qe2 {[%clk 01:32:28]} {[%emt 00:00:07]}
Nxe4 {[%clk 01:32:40]} {[%emt 00:00:07]} 6. Qxe4 {[%clk 01:32:52]} {[%emt
00:00:06]} Nd7 {[%clk 01:33:01]} {[%emt 00:00:09]} 7. Bc4 {[%clk 01:33:14]}
{[%emt 00:00:07]} Nf6 {[%clk 01:33:26]} {[%emt 00:00:06]} 8. Ne5 {[%clk
01:33:38]} {[%emt 00:00:05]} e6 {[%clk 01:33:52]} {[%emt 00:00:05]} 9. Qe2
{[%clk 01:34:04]} {[%emt 00:00:04]} b5 {[%clk 01:33:48]} {[%emt 00:00:34]} 10.
Bd3 {[%clk 01:34:28]} {[%emt 00:00:06]} Qc7 {[%clk 01:33:21]} {[%emt 00:00:57]}
11. a4 {[%clk 01:34:45]} {[%emt 00:00:13]} Bd6 {[%clk 01:33:19]} {[%emt
00:00:33]} 12. Nxc6 {[%clk 01:35:09]} {[%emt 00:00:05]} b4 {[%clk 01:33:23]}
{[%emt 00:00:26]} 13. Nd4 {[%clk 01:35:34]} {[%emt 00:00:04]} a6 {[%clk
01:33:49]} {[%emt 00:00:05]} 14. Nf5 {[%clk 01:36:00]} {[%emt 00:00:03]} Bb7
{[%clk 01:33:52]} {[%emt 00:00:27]} 15. Nxd6+ {[%clk 01:36:22]} {[%emt
00:00:07]} Qxd6 {[%clk 01:34:20]} {[%emt 00:00:04]} 16. f3 {[%clk 01:35:47]}
{[%emt 00:01:02]} Nd5 {[%clk 01:21:48]} {[%emt 00:13:05]} 17. g3 {[%clk
01:36:09]} {[%emt 00:00:07]} h5 {[%clk 01:18:15]} {[%emt 00:04:05]} 18. b3
{[%clk 01:23:53]} {[%emt 00:12:44]} h4 {[%clk 01:02:32]} {[%emt 00:16:14]} 19.
Bb2 {[%clk 01:17:53]} {[%emt 00:06:28]} hxg3 {[%clk 00:56:36]} {[%emt
00:06:28]} 20. Be5 {[%clk 01:16:40]} {[%emt 00:01:41]} g2 {[%clk 00:25:09]}
{[%emt 00:31:58]} 21. Rg1 {[%clk 01:15:40]} {[%emt 00:01:28]} Qc5 {[%clk
00:22:28]} {[%emt 00:03:13]} 22. Rxg2 {[%clk 01:08:05]} {[%emt 00:08:04]} f6
{[%clk 00:16:55]} {[%emt 00:06:05]} 23. Bg3 {[%clk 01:06:22]} {[%emt 00:02:11]}
e5 {[%clk 00:17:08]} {[%emt 00:00:17]} 24. Qf2 {[%clk 00:57:35]} {[%emt
00:09:17]} Qe7 {[%clk 00:17:16]} {[%emt 00:00:23]} 25. O-O-O {[%clk 00:56:45]}
{[%emt 00:01:19]} Kf8 {[%clk 00:15:31]} {[%emt 00:02:16]} 26. Re1 {[%clk
00:51:06]} {[%emt 00:06:05]} Rd8 {[%clk 00:13:33]} {[%emt 00:02:32]} 27. f4
{[%clk 00:44:58]} {[%emt 00:06:36]} Nc3 {[%clk 00:05:57]} {[%emt 00:08:08]} 28.
dxc3 {[%clk 00:33:49]} {[%emt 00:11:39]} bxc3 {[%clk 00:05:47]} {[%emt
00:00:40]} 29. fxe5 {[%clk 00:32:44]} {[%emt 00:01:34]} Bxg2 {[%clk 00:04:32]}
{[%emt 00:01:46]} 30. Qxg2 {[%clk 00:32:02]} {[%emt 00:01:11]} f5 {[%clk
00:04:16]} {[%emt 00:00:47]} 31. Qc6 {[%clk 00:30:07]} {[%emt 00:02:23]} Rxd3
{[%clk 00:02:08]} {[%emt 00:02:39]} 32. cxd3 {[%clk 00:28:47]} {[%emt
00:01:49]} Qg5+ {[%clk 00:02:38]} {[%emt 00:00:01]} 33. Kb1 {[%clk 00:28:58]}
{[%emt 00:00:18]} Qd2 {[%clk 00:03:06]} {[%emt 00:00:03]} 34. Qd6+ {[%clk
00:23:22]} {[%emt 00:06:06]} Kg8 {[%clk 00:02:09]} {[%emt 00:01:27]} 35. Qa3
{[%clk 00:22:55]} {[%emt 00:00:56]} Rxh2 {[%clk 00:02:16]} {[%emt 00:00:24]}
36. Ka1 {[%clk 00:21:03]} {[%emt 00:02:21]} f4 {[%clk 00:00:54]} {[%emt
00:01:53]} 37. Bh4 {[%clk 00:09:33]} {[%emt 00:12:00]} Rxh4 {[%clk 00:01:12]}
{[%emt 00:00:12]} 38. Rg1 {[%clk 00:10:00]} {[%emt 00:00:03]} Rh2 {[%clk
00:00:36]} {[%emt 00:01:07]} 39. e6 {[%clk 00:09:15]} {[%emt 00:01:15]} c2
{[%clk 00:00:34]} {[%emt 00:00:31]} 40. Rc1 {[%clk 00:08:02]} {[%emt 00:01:42]}
Re2 {[%clk 00:00:38]} {[%emt 00:00:27]} 41. Kb2 {[%clk 00:06:39]} {[%emt
00:01:53]} Qe3 {[%clk 00:10:01]} {[%emt 00:21:08]} 42. Qb4 {[%clk 00:31:16]}
{[%emt 00:05:51]} Qe5+ {[%clk 00:03:02]} {[%emt 00:07:30]} 43. d4 {[%clk
00:31:05]} {[%emt 00:00:40]} Re4 {[%clk 00:02:33]} {[%emt 00:01:01]} 44. dxe5
{[%clk 00:30:41]} {[%emt 00:00:53]} Rxb4 {[%clk 00:03:01]} {[%emt 00:00:02]}
45. Rxc2 {[%clk 00:31:00]} {[%emt 00:00:11]} Kf8 {[%clk 00:02:51]} {[%emt
00:00:40]} 46. Rc7 {[%clk 00:30:21]} {[%emt 00:01:08]} g5 {[%clk 00:02:49]}
{[%emt 00:00:33]} 47. Rf7+ {[%clk 00:29:54]} {[%emt 00:00:58]} Ke8 {[%clk
00:02:56]} {[%emt 00:00:24]} 48. Rg7 {[%clk 00:29:28]} {[%emt 00:00:55]} f3
{[%clk 00:01:29]} {[%emt 00:01:58]} 49. Rxg5 {[%clk 00:29:56]} {[%emt
00:00:02]} Rf4 {[%clk 00:01:41]} {[%emt 00:00:18]} 50. Rg1 {[%clk 00:29:51]}
{[%emt 00:00:35]} 1/2-1/2